000 01015nam a2200277Ia 4500
005 20220317001956.0
008 200115s2019 ck 000 0 spa d
020 _a9789587718508
040 _aCO-BoRNBP
_bspa
_erda
_cCO-BoRNBP
041 _aspa
082 0 4 _a338.4791
_bJ35a
100 1 _aJiménez Bulla, Luis Hernando
_eautor
245 1 0 _aAgroturismo
_bestrategia para el desarrollo de la espacialidad rural y sustentabilidad ambiental
_c Luis Hernando Jiménez Bullla
250 _aEdición especial
264 1 _aBogotá
_bEcoe
_c2019
300 _a153 páginas
_c 24 cm
336 _2rdacontent
_atexto
_btxt
337 _2rdamedia
_asin mediación
_bn
338 _2rdacarrier
_avolumen
_bnc
490 0 _aPlan Nacional de Lectura y Escritura Leer es mi Cuento
504 _a Incluye datos biográficos del autor en la contracarátula
650 1 7 _aDesarrollo sostenible
_2LEMB
650 1 7 _aGestion ambiental
_2LEMB
650 1 7 _aTurismo ecológico
_2LEMB
_xAspectos económicos
942 _2ddc
_cBK
999 _c8762
_d8762